000 00203nam a2200073Ia 4500
008 170620s9999 xx 000 0 und d
100 _aPathak- P. D. (Hindi)
245 0 _aSafal Shikshan kala (Hindi)
260 _bAgra- Vinod Pustak Mandir
999 _c23718
_d23718